| 000 | 00753nam a22002057a 4500 | ||
|---|---|---|---|
| 999 |
_c19404 _d19404 |
||
| 003 | AR-CdUCM | ||
| 008 | 190517b ||||| |||| 00| 0 spa d | ||
| 040 |
_aMUNICIPALIDAD PROVINCIAL DEL CUSCO _cBIBLIOTECA MUNICIPAL DEL CUSCO |
||
| 082 |
_a353.8 / _bM953 |
||
| 110 |
_aProyecto 2000 _940728 |
||
| 245 |
_aMujeres de negro : _bla muerte materna en zonas rurales del Perú / |
||
| 260 |
_aLima : _bMinisterio de Salud, _c1999. |
||
| 300 |
_a202 páginas ; _c25 cm. |
||
| 505 | _aMarco teórico y metodológico -- Los entornos comunitarios -- Nueve crónicas de la muerto -- Los proveedores de servicios de salud... | ||
| 650 |
_aMuerte. _92924 |
||
| 650 |
_aMujer. _9143 |
||
| 650 |
_aSistema de salud. _940729 |
||
| 942 |
_2ddc _cLIBROS |
||
| 945 | _awfj | ||